000 00411nam a2200145Ia 4500
008 220216s9999 xx 000 0 und d
100 _aBincai Li
245 0 _aStudies of polymer properties via inverse gas chromatography (1996 reviews)
260 _bRubber Chemistry and technology
_c1996
300 _a347-376
650 _a1996 reviews
650 _aGas chromatography
650 _aPolymer
942 _cJS
999 _c69528
_d69528